[Event "Kalamazoo Mini-Swiss.1"]
[Site "Kalamazoo, MI"]
[Date "1998.??.??"]
[Round "?"]
[White "Treacy, Joe"]
[Black "Anthony, James"]
[Result "1/2-1/2"]
[WhiteElo "1605"]
[BlackElo "1605"]
[PlyCount "93"]
[EventDate "1998.??.??"]

1. e4 d6 2. d4 e6 3. d5 c6 4. dxe6 Bxe6 5. Nc3 Nd7 6. Bd3 Nc5 7. Nge2 Nf6 8.
O-O Nxd3 9. Qxd3 Be7 10. Bf4 Qc7 11. Rfd1 Rd8 12. Qe3 b6 13. e5 Ng4 14. exd6
Bxd6 15. Qg3 Bxf4 16. Qxf4 Qxf4 17. Nxf4 Rxd1+ 18. Rxd1 Ke7 19. Nxe6 fxe6 20.
Ne4 Nf6 21. Ng5 h6 22. Nf3 Rd8 23. Rxd8 Kxd8 24. Ne5 Kc7 25. f4 Kd6 26. Kf2 Kd5
27. Ke3 c5 28. c4+ Kd6 29. g4 g5 30. Nf7+ Ke7 31. Nxh6 gxf4+ 32. Kxf4 Nh7 33.
Ke5 Ng5 34. Kf4 Nh3+ 35. Kg3 Ng5 36. h4 Ne4+ 37. Kf4 Nf6 38. g5 Nh5+ 39. Ke5
Ng7 40. Ng8+ Kf7 41. Nf6 Kg6 42. b3 Nf5 43. h5+ Kxg5 44. Kxe6 Nd4+ 45. Kf7 Nf5
46. Ne4+ Kxh5 47. Nc3 1/2-1/2

[Event "Kalamazoo Mini-Swiss.1"]
[Site "Kalamazoo, MI"]
[Date "1998.??.??"]
[Round "?"]
[White "Treacy, Joe"]
[Black "Anderson, Gale"]
[Result "0-1"]
[WhiteElo "1605"]
[BlackElo "1765"]
[PlyCount "71"]
[EventDate "1998.??.??"]

1. e4 e6 2. d4 d5 3. exd5 exd5 4. Bd3 Nc6 5. c3 Bd6 6. Be3 Nf6 7. Nd2 Bg4 8. f3
Bh5 9. Qc2 Qe7 10. Nf1 O-O-O 11. O-O-O Bg6 12. Bxg6 hxg6 13. h3 Rde8 14. Qd2
Na5 15. b3 Qd7 16. Ne2 Re7 17. Bf4 Ba3+ 18. Kb1 Nh5 19. Ne3 Rhe8 20. Rhe1 Nc6
21. b4 Qe6 22. g4 g5 23. Bxg5 f6 24. Bf4 g5 25. gxh5 gxf4 26. Nc2 Qf5 27. Ka1
Qxh5 28. Nxf4 Qxf3 29. Rxe7 Nxe7 30. Re1 Bxb4 31. Nxb4 a6 32. Nbd3 Qg3 33. Qe2
Kb8 34. Qe6 Qh2 35. Qd7 Rh8 36. Nc5 0-1

[Event "Cadillac Marathon"]
[Site "Cadillac, MI"]
[Date "1998.??.??"]
[Round "?"]
[White "Townsend, Paul"]
[Black "Mitchell, Dave"]
[Result "1-0"]
[WhiteElo "1935"]
[BlackElo "1605"]
[PlyCount "31"]
[EventDate "1998.??.??"]

1. e4 d6 2. d4 Nf6 3. Nc3 c6 4. Bc4 b5 5. Bb3 Nbd7 6. Nf3 Ba6 7. e5 dxe5 8.
dxe5 b4 9. Na4 Ng8 10. Bxf7+ Kxf7 11. e6+ Ke8 12. exd7+ Qxd7 13. Qxd7+ Kxd7 14.
Nc5+ Ke8 15. Nxa6 b3 16. Nc7+ 1-0

[Event "Cadillac Marathon"]
[Site "Cadillac, MI"]
[Date "1998.??.??"]
[Round "?"]
[White "Townsend, Paul"]
[Black "McNew, D."]
[Result "1-0"]
[WhiteElo "1935"]
[BlackElo "1605"]
[PlyCount "73"]
[EventDate "1998.??.??"]

1. e4 c5 2. f4 Nc6 3. Nf3 g6 4. d4 cxd4 5. Nxd4 Bg7 6. c3 Qb6 7. Nxc6 bxc6 8.
Bc4 e6 9. Qb3 Ne7 10. Qxb6 axb6 11. Be3 b5 12. Bb3 O-O 13. Nd2 d5 14. Bc5 Re8
15. O-O Bb7 16. g4 Rad8 17. f5 gxf5 18. gxf5 exf5 19. Rae1 Bf6 20. exf5 Bc8 21.
Bc2 d4 22. Ne4 Nd5 23. Nxf6+ Nxf6 24. Be7 Nd5 25. Bxd8 Rxd8 26. cxd4 Nb4 27.
Bb3 Nd5 28. Re5 Kg7 29. Rf3 Kf6 30. Bxd5 Rxd5 31. Rxd5 cxd5 32. Rc3 Bd7 33. Rc5
Kxf5 34. Rxd5+ Ke6 35. Rh5 Kd6 36. Kf2 Be6 37. b3 1-0

[Event "U.S. Amateur North"]
[Site "Detroit, MI"]
[Date "1998.??.??"]
[Round "?"]
[White "Tobias, J."]
[Black "Iyer, Krishnan"]
[Result "0-1"]
[WhiteElo "1605"]
[BlackElo "1605"]
[PlyCount "94"]
[EventDate "1998.05.??"]

{5/23} 1. e4 e6 2. Nf3 b6 3. d4 Bb7 4. Bd3 c5 5. c3 d5 6. e5 c4 7. Bc2 Ne7 8.
Bf4 Nbc6 9. Qe2 Qd7 10. Nbd2 h6 11. b3 b5 12. bxc4 dxc4 13. a3 Nd5 14. Bg3 Nxc3
15. Qe3 Nd5 16. Qe2 Nc7 17. Qe3 Rd8 18. Ne4 Nxd4 19. Nxd4 Qxd4 20. Qxd4 Rxd4
21. f3 Be7 22. O-O O-O 23. Bf2 Bxe4 24. Bxe4 Bc5 25. a4 b4 26. Rac1 c3 27. Bxd4
Bxd4+ 28. Kh1 Bxe5 29. Rfd1 Bf4 30. Rc2 Bd2 31. Ra2 a5 32. Rdxd2 cxd2 33. Rxd2
Rb8 34. Kg1 Kf8 35. Kf1 Ke7 36. Ke1 Rd8 37. g4 Nd5 38. Kd1 Nc3+ 39. Kc2 Rxd2+
40. Kxd2 Nxe4+ 41. fxe4 Kd6 42. Kd3 Ke5 43. h3 g6 44. h4 f5 45. gxf5 exf5 46.
exf5 Kxf5 47. Kc4 Kg4 0-1

[Event "U.S. Amateur North"]
[Site "Detroit, MI"]
[Date "1998.??.??"]
[Round "?"]
[White "Tobias, J."]
[Black "Goebel, T."]
[Result "0-1"]
[WhiteElo "1605"]
[BlackElo "1605"]
[PlyCount "50"]
[EventDate "1998.05.??"]

{5/24} 1. e4 c6 2. d4 d5 3. Nc3 dxe4 4. Nxe4 Nf6 5. Nxf6+ exf6 6. Nf3 Bg4 7.
Be2 Be7 8. Bf4 O-O 9. O-O Re8 10. c3 Bd6 11. Bxd6 Qxd6 12. Re1 Nd7 13. Bd3
Rxe1+ 14. Qxe1 Bxf3 15. g3 Qe6 16. Qd2 Re8 17. a3 Bg4 18. Bb1 Qe1+ 19. Qxe1
Rxe1+ 20. Kg2 Kf8 21. f3 Bh5 22. Kf2 Rc1 23. Ke2 Bg6 24. Bxg6 Rxa1 25. Bxh7 g6
0-1

[Event "U.S. Amateur North"]
[Site "Detroit, MI"]
[Date "1998.??.??"]
[Round "?"]
[White "Tobias, J."]
[Black "Corner, W."]
[Result "1-0"]
[WhiteElo "1605"]
[BlackElo "1605"]
[PlyCount "65"]
[EventDate "1998.05.??"]

{5/24} 1. e4 c5 2. Nf3 e6 3. c4 Nc6 4. Nc3 d6 5. d3 e5 6. Be3 Nf6 7. Be2 g6 8.
Bg5 Bg7 9. O-O O-O 10. Qd2 Kh8 11. Bh6 Bxh6 12. Qxh6 Ng4 13. Qd2 b6 14. Nd5 Re8
15. Ng5 Qd7 16. h3 Nh6 17. Nf6 Qe7 18. Nxe8 Qxe8 19. f4 Nd4 20. Rae1 f6 21. Nf3
Be6 22. fxe5 dxe5 23. Qxh6 Nxf3+ 24. Rxf3 f5 25. exf5 gxf5 26. Qf6+ Kg8 27.
Rg3+ Qg6 28. Rxg6+ hxg6 29. Qxe6+ Kg7 30. Qxe5+ Kh6 31. Bf3 Rd8 32. h4 Rxd3 33.
Qh8# 1-0

[Event "Michigan Class B"]
[Site "Grand Rapids, MI"]
[Date "1998.??.??"]
[Round "?"]
[White "Thornton, Rome"]
[Black "Rotberg, Victor"]
[Result "0-1"]
[WhiteElo "1750"]
[BlackElo "1710"]
[PlyCount "86"]
[EventDate "1998.01.??"]

1. e4 c5 2. f4 d5 3. e5 Nc6 4. c3 Bf5 5. Nf3 e6 6. Be2 c4 7. O-O Bc5+ 8. Kh1 h6
9. d4 cxd3 10. Bxd3 Nge7 11. b4 Bb6 12. a4 a6 13. Qd2 O-O 14. Na3 Rc8 15. Nc2
Bxd3 16. Qxd3 Nf5 17. Bb2 g6 18. Rac1 Nce7 19. g4 Ng7 20. Ncd4 Rc4 21. Nd2 Rc8
22. Qh3 Kh7 23. f5 exf5 24. gxf5 Bxd4 25. cxd4 Nexf5 26. Nf3 Ne6 27. Rcd1 Ne3
28. Bc1 Nf4 29. Qg3 Nh5 30. Ng5+ Qxg5 31. Qxe3 Qxe3 32. Bxe3 Rc3 33. Rde1 Kg7
34. e6 f5 35. Bd2 Rc2 36. Bc1 g5 37. b5 f4 38. Ba3 Re8 39. bxa6 bxa6 40. e7 Nf6
41. Bc5 Ng4 42. Re6 Nxh2 43. Rb1 Nf3 0-1

[Event "Michigan Class B"]
[Site "Grand Rapids, MI"]
[Date "1998.??.??"]
[Round "?"]
[White "Thornton, Rome"]
[Black "Moore, Robert"]
[Result "1-0"]
[WhiteElo "1750"]
[BlackElo "1655"]
[PlyCount "73"]
[EventDate "1998.01.??"]

1. e4 c5 2. f4 d6 3. Nf3 g6 4. d4 cxd4 5. Qxd4 Nf6 6. Nc3 Nc6 7. Bb5 Bg7 8. O-O
O-O 9. Bxc6 bxc6 10. Kh1 Ng4 11. Qg1 Ba6 12. Re1 c5 13. h3 Nf6 14. Bd2 Nd7 15.
Qe3 Nb6 16. b3 Bb7 17. Rad1 Bc6 18. a4 a6 19. Qf2 Qc7 20. Qh4 f6 21. f5 gxf5
22. exf5 Kh8 23. a5 Nd5 24. Ne4 Rf7 25. c4 Bd7 26. cxd5 Bxf5 27. Ng3 Bg6 28.
Qc4 Bf8 29. Re6 Qd7 30. Nh4 Qb5 31. Nxg6+ hxg6 32. Qc2 Rg7 33. Rde1 Qe8 34.
Rxf6 Ra7 35. Rxd6 Qb8 36. Rxg6 Qe8 37. Bc3 1-0

[Event "Michigan Class B"]
[Site "Grand Rapids, MI"]
[Date "1998.??.??"]
[Round "?"]
[White "Thornton, Rome"]
[Black "Barta, Roger"]
[Result "1-0"]
[WhiteElo "1750"]
[BlackElo "1705"]
[PlyCount "49"]
[EventDate "1998.01.??"]

1. e4 e6 2. d4 d5 3. exd5 exd5 4. c4 c6 5. Nc3 Bd6 6. cxd5 cxd5 7. Nf3 Ne7 8.
Bg5 O-O 9. Bd3 Be6 10. Qc2 g6 11. h4 Qd7 12. h5 Bf5 13. Nb5 Bxd3 14. Qxd3 Bb4+
15. Kf1 Nbc6 16. a3 Ba5 17. b4 Bd8 18. Re1 Nf5 19. g4 Ng7 20. Bxd8 Raxd8 21.
hxg6 hxg6 22. Qd2 Qxg4 23. Qh6 Nh5 24. Ng5 Ng3+ 25. fxg3 1-0

[Event "Michigan Women's"]
[Site "Ann Arbor, MI"]
[Date "1998.??.??"]
[Round "?"]
[White "Thompson, Shereece"]
[Black "Wantz, S."]
[Result "1-0"]
[WhiteElo "1605"]
[BlackElo "1605"]
[PlyCount "75"]
[EventDate "1998.12.??"]

1. e4 e5 2. Nf3 Nc6 3. Bc4 Nf6 4. Ng5 h6 5. Nxf7 Rh7 6. Nxd8 Kxd8 7. Nc3 Rh8 8.
O-O d6 9. d3 Na5 10. Nd5 Nxc4 11. dxc4 Nxe4 12. Re1 Bf5 13. Qf3 Be6 14. Qxe4 c6
15. Nc3 Bc8 16. Qh4+ Be7 17. Qh5 Kd7 18. Ne4 b6 19. Qg6 Rg8 20. Qh7 Rf8 21.
Qxg7 Re8 22. Bxh6 Ba6 23. Nf6+ Kc7 24. Nxe8+ Rxe8 25. c5 bxc5 26. b3 Bd3 27.
cxd3 d5 28. Rxe5 Rb8 29. Qxe7+ Kb6 30. a3 Rb7 31. Qd6 Rc7 32. b4 cxb4 33. Qxb4+
Ka6 34. Qb8 Rb7 35. Qd6 Ka5 36. Qxc6 Rb6 37. Qxd5+ Rb5 38. Qxb5# 1-0

[Event "Michigan Women's"]
[Site "Ann Arbor, MI"]
[Date "1998.??.??"]
[Round "?"]
[White "Thompson, Shereece"]
[Black "Horne, Terese"]
[Result "1-0"]
[WhiteElo "1605"]
[BlackElo "1605"]
[PlyCount "73"]
[EventDate "1998.12.??"]

1. e4 e5 2. Nf3 Nc6 3. Bc4 Na5 4. Bb5 c6 5. Be2 d5 6. exd5 cxd5 7. Nxe5 Bd6 8.
d4 Bxe5 9. dxe5 f6 10. Bb5+ Bd7 11. Qxd5 Bxb5 12. Qxb5+ Qd7 13. Qxa5 Qf5 14.
O-O Qxc2 15. Qb5+ Qc6 16. Qd3 Rd8 17. Qa3 fxe5 18. Bg5 Nf6 19. Qxa7 h6 20. Bh4
O-O 21. Re1 Ra8 22. Qe3 Nd7 23. Be7 Rf5 24. Qb3+ Kh8 25. Nc3 Re8 26. Nd5 Nc5
27. Qc2 Rxe7 28. Nxe7 Rg5 29. Nxc6 bxc6 30. Qxc5 e4 31. Qxc6 Re5 32. Rxe4 Rxe4
33. Qxe4 g6 34. Rc1 g5 35. Rc7 h5 36. Qe6 g4 37. Qd5 1-0

[Event "U.S. Amateur North"]
[Site "Detroit, MI"]
[Date "1998.??.??"]
[Round "?"]
[White "Thompson, Shereece"]
[Black "Corner, W."]
[Result "0-1"]
[WhiteElo "1605"]
[BlackElo "1605"]
[PlyCount "46"]
[EventDate "1998.05.??"]

{5/23} 1. e4 c5 2. Nf3 e6 3. Nc3 d5 4. exd5 exd5 5. d4 Nf6 6. dxc5 Bxc5 7. Bb5+
Nc6 8. Bf4 O-O 9. O-O d4 10. Na4 Qd5 11. Bg5 Ne4 12. Bd3 Bf5 13. c3 Rfe8 14. b4
Nxc3 15. Nxc3 dxc3 16. bxc5 Bxd3 17. Re1 c2 18. Qd2 Re6 19. Qf4 Re2 20. Qc7
Rae8 21. Qxb7 Qxc5 22. h3 Qxf2+ 23. Kh2 Qxg2# 0-1

[Event "U.S. Amateur North"]
[Site "Detroit, MI"]
[Date "1998.??.??"]
[Round "?"]
[White "Thomas, Johnny"]
[Black "Scioly, Tony"]
[Result "0-1"]
[WhiteElo "1870"]
[BlackElo "1605"]
[PlyCount "74"]
[EventDate "1998.05.??"]

{5/23} 1. d4 Nf6 2. c4 e6 3. Nf3 Bb4+ 4. Nc3 c5 5. d5 b5 6. Bg5 bxc4 7. e4 d6
8. Bxc4 Bxc3+ 9. bxc3 e5 10. O-O Nbd7 11. Bb5 O-O 12. Bxd7 Bxd7 13. Qd3 a5 14.
Nd2 Bc8 15. f4 c4 16. Bxf6 Qb6+ 17. Qd4 exd4 18. Bxd4 Qd8 19. Rf3 Ba6 20. Rg3
g6 21. Nf3 Rb8 22. Ng5 f6 23. Ne6 Qe7 24. h4 Bc8 25. Nxf8 Kxf8 26. e5 dxe5 27.
fxe5 fxe5 28. Rf1+ Bf5 29. Re3 exd4 30. Rxe7 Kxe7 31. cxd4 Rb1 32. Rxb1 Bxb1
33. Kf2 Kd6 34. Ke3 Kxd5 35. a3 c3 36. g3 c2 37. Kd2 Kxd4 0-1

[Event "U.S. Amateur North"]
[Site "Detroit, MI"]
[Date "1998.??.??"]
[Round "?"]
[White "Thomas, Johnny"]
[Black "Biondo, Albert"]
[Result "1-0"]
[WhiteElo "1870"]
[BlackElo "1605"]
[PlyCount "65"]
[EventDate "1998.05.??"]

{5/24} 1. d4 c5 2. d5 g6 3. e4 Bg7 4. Nf3 d6 5. Bd3 Nf6 6. h3 a6 7. a4 O-O 8.
Nbd2 Nbd7 9. c3 b6 10. O-O Bb7 11. Re1 Ne5 12. Nxe5 dxe5 13. Bc4 Qd6 14. Qe2
Nh5 15. Nf1 f5 16. exf5 Rxf5 17. Ne3 Nf4 18. Qd1 Rh5 19. Ng4 Nxh3+ 20. gxh3 Rf8
21. Re3 e4 22. Rg3 Rhf5 23. Be3 h5 24. Nh2 Bh6 25. Qd2 Kh7 26. Rf1 Bxe3 27.
Qxe3 Bxd5 28. Rd1 g5 29. Bxd5 Rxd5 30. Rxd5 Qxd5 31. Rxg5 Qe6 32. Rxh5+ Kg7 33.
Rg5+ {[Remainder illegible]} 1-0

[Event "Kalamazoo Mini-Swiss.3"]
[Site "Kalamazoo, MI"]
[Date "1998.??.??"]
[Round "?"]
[White "Thomas, Courtney"]
[Black "Russell, Scott"]
[Result "0-1"]
[WhiteElo "1605"]
[BlackElo "1605"]
[PlyCount "118"]
[EventDate "1998.??.??"]

1. d4 d5 2. e3 c5 3. Nf3 cxd4 4. exd4 Bg4 5. Be2 e6 6. O-O Nf6 7. Bg5 Be7 8.
Nbd2 O-O 9. c3 Qd6 10. Ne5 Bxe2 11. Qxe2 h6 12. Bxf6 Bxf6 13. f4 Bd8 14. Qh5
Bc7 15. Rae1 Qb6 16. Nb3 f6 17. Ng6 Rf7 18. Re2 Nd7 19. g3 f5 20. Ne5 Bxe5 21.
fxe5 Raf8 22. Rf4 Qa6 23. Nc1 Qb6 24. Nd3 Rc8 25. Rff2 Nf8 26. Nf4 Re8 27. h3
Qd8 28. a4 g6 29. Qf3 g5 30. Nh5 Nh7 31. g4 f4 32. Qd3 Kh8 33. Re3 Rg8 34. Ref3
Qe8 35. b3 Rc7 36. c4 Qg6 37. c5 Qxd3 38. Rxd3 b6 39. Rc2 Re8 40. b4 Nf8 41. b5
Ng6 42. c6 Nh4 43. Nf6 Ree7 44. Rf2 Kg7 45. Nh5+ Kf8 46. Nf6 Rg7 47. Nd7+ Rgxd7
48. cxd7 Rxd7 49. Rc3 Ke8 50. Rc6 Ke7 51. Rfc2 Nf3+ 52. Kf2 Nxd4 53. R2c3 Nxc6
54. bxc6 Rc7 55. Kf3 Kd8 56. h4 Kc8 57. hxg5 hxg5 58. Rc2 a5 59. Rc1 Kb8 0-1

[Event "Michigan Amateur"]
[Site "Kalamazoo "]
[Date "1998.??.??"]
[Round "?"]
[White "Thomas, Courtney"]
[Black "Pascoe, Bramwell"]
[Result "0-1"]
[WhiteElo "1605"]
[BlackElo "1605"]
[PlyCount "84"]
[EventDate "1998.07.??"]

{7/18} 1. d4 d5 2. Nf3 g6 3. e3 Nc6 4. c3 Nf6 5. Bd3 Bg7 6. O-O O-O 7. Nbd2 Bg4
8. Re1 e6 9. e4 dxe4 10. Nxe4 Nxe4 11. Bxe4 e5 12. Bxc6 bxc6 13. Qa4 Bxf3 14.
gxf3 exd4 15. cxd4 Bxd4 16. Rd1 Bxf2+ 17. Kxf2 Qe7 18. Bh6 Rfe8 19. Qd4 f6 20.
Re1 Qd6 21. Qxd6 cxd6 22. Rad1 d5 23. Rxe8+ Rxe8 24. Bc1 g5 25. b3 a5 26. Bb2
Kg7 27. Re1 Rb8 28. Rc1 Rb4 29. Rxc6 Rf4 30. Rd6 g4 31. Bxf6+ Rxf6 32. Rxf6
Kxf6 33. fxg4 Ke6 34. Ke3 Ke5 35. Kd3 d4 36. h4 Kf4 37. h5 Kxg4 38. h6 Kg5 39.
Kxd4 Kxh6 40. Kc5 Kg5 41. Kb5 h5 42. Kxa5 h4 0-1

[Event "Kalamazoo Mini-Swiss.3"]
[Site "Kalamazoo, MI"]
[Date "1998.??.??"]
[Round "?"]
[White "Thomas, Courtney"]
[Black "Kent, E."]
[Result "1-0"]
[WhiteElo "1605"]
[BlackElo "1605"]
[PlyCount "41"]
[EventDate "1998.??.??"]

1. d4 e5 2. c3 exd4 3. cxd4 Qf6 4. Nf3 d5 5. e3 c5 6. Be2 cxd4 7. Nxd4 Bb4+ 8.
Bd2 Bd6 9. Nc3 Bf8 10. Nxd5 Qg5 11. Rc1 Be6 12. Nc7+ Kd7 13. Nxa8 Bxa2 14. Qa4+
b5 15. Qxa2 Nc6 16. Bxb5 Qxg2 17. Bxc6+ Qxc6 18. Rxc6 h5 19. Qxa7+ Kd8 20. Ba5+
Ke8 21. Rc8# 1-0

[Event "Kalamazoo Mini-Swiss.2"]
[Site "Kalamazoo, MI"]
[Date "1998.??.??"]
[Round "?"]
[White "Thomas, Courtney"]
[Black "Ingles, Darrell"]
[Result "0-1"]
[WhiteElo "1605"]
[BlackElo "1605"]
[PlyCount "87"]
[EventDate "1998.??.??"]

1. d4 c6 2. Nf3 d5 3. e3 Bf5 4. Bd3 Bxd3 5. Qxd3 Nd7 6. O-O Ngf6 7. Nbd2 e6 8.
e4 dxe4 9. Nxe4 Nxe4 10. Qxe4 Nf6 11. Qd3 Bd6 12. Bg5 h6 13. Bh4 Qe7 14. Rfe1
O-O 15. Ne5 Rad8 16. Qf3 g5 17. Bg3 Nh7 18. Ng4 Bxg3 19. Qxg3 f6 20. Nxh6+ Kh8
21. Rad1 Rfe8 22. c3 Qg7 23. Ng4 Rd7 24. Re2 e5 25. Rde1 Rde7 26. Qd3 Kg8 27.
Qf5 exd4 28. Rxe7 Rxe7 29. Re4 Rxe4 30. Qxe4 dxc3 31. Qc4+ Kh8 32. Qxc3 Qd7 33.
Ne3 Qe6 34. b3 Kg7 35. Qd3 Nf8 36. g4 Ng6 37. Qf5 Qd6 38. Qf3 Qe5 39. Qd1 Qe6
40. Qd8 Kf7 41. Qb8 Qe7 42. Qxa7 Nf4 43. a3 c5 44. a4 0-1

[Event "Kalamazoo Mini-Swiss.2"]
[Site "Kalamazoo, MI"]
[Date "1998.??.??"]
[Round "?"]
[White "Thomas, Courtney"]
[Black "Hanson, Eric"]
[Result "1-0"]
[WhiteElo "1605"]
[BlackElo "1605"]
[PlyCount "47"]
[EventDate "1998.??.??"]

1. d4 Nf6 2. Nf3 e6 3. e3 d5 4. Bd3 Nbd7 5. O-O Bd6 6. Nbd2 O-O 7. e4 Re8 8. e5
Be7 9. exf6 Bxf6 10. Re1 g6 11. Ne5 b6 12. Nc6 Bxd4 13. Nxd8 Rxd8 14. Nf3 Bg7
15. c3 f6 16. Rxe6 Nc5 17. Re7 Nxd3 18. Qxd3 Bf5 19. Qb5 Rac8 20. Nd4 Be4 21.
Qc6 a6 22. Bf4 Bf8 23. Qe6+ Kh8 24. Qxf6+ 1-0

[Event "Michigan Amateur"]
[Site "Kalamazoo "]
[Date "1998.??.??"]
[Round "?"]
[White "Thomas, Courtney"]
[Black "Besher, Al"]
[Result "1-0"]
[WhiteElo "1605"]
[BlackElo "1605"]
[PlyCount "76"]
[EventDate "1998.07.??"]

{7/19} 1. d4 d5 2. Nf3 Bf5 3. e3 Nf6 4. Bd3 Bd7 5. O-O g6 6. Nbd2 Bg7 7. e4
dxe4 8. Nxe4 Nc6 9. Nxf6+ Bxf6 10. c3 e6 11. Re1 O-O 12. Bh6 Re8 13. Bb5 Ne7
14. Qe2 Nf5 15. Bxd7 Qxd7 16. Bg5 Bxg5 17. Nxg5 Qd6 18. Ne4 Qe7 19. Qg4 Rf8 20.
Rad1 c6 21. Rd3 Rad8 22. Rh3 f6 23. f4 b6 24. b4 Nd6 25. Nxd6 Rxd6 26. f5 g5
27. Rhe3 exf5 28. Qxf5 Qf7 29. Re7 Rd5 30. Rxf7 Rxf5 31. Rxa7 Rf7 32. Ree7 Rxe7
33. Rxe7 c5 34. dxc5 bxc5 35. b5 Rd5 36. b6 Rd8 37. b7 Kf8 38. Rxh7 Kg8 1-0

[Event "Kalamazoo Mini-Swiss.3"]
[Site "Kalamazoo, MI"]
[Date "1998.??.??"]
[Round "?"]
[White "Thomas, Courtney"]
[Black "Amante, Anthony"]
[Result "0-1"]
[WhiteElo "1605"]
[BlackElo "1605"]
[PlyCount "100"]
[EventDate "1998.??.??"]

1. d4 d5 2. Nf3 Bf5 3. e3 e6 4. Be2 Nf6 5. O-O Bd6 6. Nbd2 Nbd7 7. b3 c6 8. Bb2
Qc7 9. c4 Ng4 10. g3 h5 11. Nh4 g6 12. Ndf3 Be7 13. Bd3 Be4 14. Bxe4 dxe4 15.
d5 Rg8 16. h3 exf3 17. hxg4 Bxh4 18. Qxf3 hxg4 19. Qxg4 Bf6 20. Bxf6 Nxf6 21.
Qg5 Ne4 22. Qf4 Qxf4 23. exf4 cxd5 24. cxd5 O-O-O 25. dxe6 fxe6 26. Rfe1 Rd4
27. Kg2 Re8 28. Rac1+ Kb8 29. Kf3 Nf6 30. Rc3 Nd5 31. Rc2 Nf6 32. Re5 Rd3+ 33.
Kg2 Rd5 34. Re3 Ng4 35. Rec3 e5 36. Kf3 Nf6 37. Re2 exf4 38. Rxe8+ Nxe8 39. Ke4
Rd2 40. Rf3 fxg3 41. fxg3 Nd6+ 42. Ke3 Rg2 43. Rf8+ Kc7 44. Kf3 Rxa2 45. Rg8
Ra3 46. Rxg6 Rxb3+ 47. Kf4 a5 48. g4 a4 49. Ke5 Rb6 50. Rh6 Nf7+ 0-1

[Event "Lansing Mini-Swiss.1"]
[Site "Lansing, MI"]
[Date "1998.??.??"]
[Round "?"]
[White "Sundeen, David"]
[Black "Triplett, Thomas"]
[Result "0-1"]
[WhiteElo "1645"]
[BlackElo "1895"]
[PlyCount "84"]
[EventDate "1998.??.??"]

1. e4 c5 2. Nc3 Nc6 3. g3 g6 4. Bg2 Bg7 5. d3 d6 6. Be3 Rb8 7. Qd2 b5 8. Nd1 b4
9. c3 Nf6 10. h3 Qc7 11. Ne2 O-O 12. Bh6 bxc3 13. bxc3 Ne5 14. Bxg7 Kxg7 15. f4
Nc6 16. O-O e6 17. Ne3 Ba6 18. f5 exf5 19. exf5 Ne5 20. fxg6 fxg6 21. Nf4 Qd7
22. c4 Bb7 23. Ned5 Nxd5 24. cxd5 Kg8 25. Ne6 Rxf1+ 26. Rxf1 Qe7 27. d4 cxd4
28. Qxd4 Bc8 29. Rf8+ Qxf8 30. Nxf8 Kxf8 31. Qc3 Rb1+ 32. Kf2 Rc1 33. Qb3 Ke7
34. g4 g5 35. Kg3 h6 36. Qe3 Rc5 37. h4 Kf6 38. hxg5+ hxg5 39. Bf3 a6 40. Qe2
Rc3 41. Qh2 Rxf3+ 42. Kg2 Rf2+ 0-1

[Event "Lansing Mini-Swiss.2"]
[Site "Lansing, MI"]
[Date "1998.??.??"]
[Round "?"]
[White "Sundeen, David"]
[Black "Robinson, Erik"]
[Result "0-1"]
[WhiteElo "1680"]
[BlackElo "1605"]
[PlyCount "96"]
[EventDate "1998.??.??"]

1. e4 e5 2. f4 Nc6 3. Nf3 d6 4. Bc4 exf4 5. d4 g5 6. h4 Be7 7. hxg5 Bxg5 8. O-O
Bg4 9. Nc3 Qd7 10. Bb5 a6 11. Ba4 b5 12. Bb3 Nge7 13. Qd3 Nb4 14. Qd2 Bxf3 15.
Rxf3 Ng6 16. Qf2 Qg4 17. Ne2 O-O-O 18. Bxf4 f6 19. Rg3 Qh5 20. Bxg5 fxg5 21.
Bf7 Rhf8 22. Rh3 Qg4 23. Rxh7 Qxe4 24. d5 Nf4 25. Nxf4 Qxh7 26. Ne6 Qxf7 27.
Qa7 Rh8 28. Rf1 Qe7 29. c3 Nc6 30. Qxa6+ Kb8 31. Qxb5+ Kc8 32. Qxc6 Kb8 33.
Qb5+ Kc8 34. Nxd8 Qxd8 35. Qa4 Kb8 36. Qg4 Qe7 37. Qf3 Qd8 38. c4 Qe7 39. b4
Qd7 40. a4 Qe7 41. b5 Qe5 42. Qd3 Qh2+ 43. Kf2 Rf8+ 44. Ke1 Qe5+ 45. Kd2 Qb2+
46. Kd1 Qa1+ 47. Ke2 Qxf1+ 48. Kd2 Qxg2+ 0-1

[Event "Lansing Action Quads"]
[Site "Lansing, MI"]
[Date "1998.??.??"]
[Round "?"]
[White "Sundeen, David"]
[Black "Ballicora, Miguel"]
[Result "0-1"]
[WhiteElo "1645"]
[BlackElo "2085"]
[PlyCount "78"]
[EventDate "1998.??.??"]

1. e4 c5 2. Nc3 Nc6 3. g3 g6 4. Bg2 Bg7 5. d3 d6 6. Be3 e5 7. Qd2 Nge7 8. Bh6
O-O 9. h4 f6 10. Bxg7 Kxg7 11. h5 g5 12. f4 h6 13. Nf3 Nd4 14. Ne2 Be6 15. fxg5
Nxf3+ 16. Bxf3 fxg5 17. O-O Qd7 18. Rf2 Nc6 19. c3 Rf7 20. Raf1 Raf8 21. Qe3
Bh3 22. Bg2 Bg4 23. Bf3 Bxf3 24. Rxf3 Qg4 25. Rxf7+ Rxf7 26. Rxf7+ Kxf7 27.
Qf2+ Kg7 28. Kg2 Qxh5 29. d4 Qg4 30. dxc5 Qxe4+ 31. Qf3 Qxf3+ 32. Kxf3 dxc5 33.
g4 Kf6 34. Ng3 Ke6 35. Ke4 Ne7 36. c4 Ng8 37. Nh5 Nf6+ 38. Nxf6 Kxf6 39. a3 h5
0-1

[Event "Lansing Action Quads"]
[Site "Lansing, MI"]
[Date "1998.??.??"]
[Round "?"]
[White "Sundeen, David"]
[Black "Asbury, Victor"]
[Result "1-0"]
[WhiteElo "1680"]
[BlackElo "1605"]
[PlyCount "55"]
[EventDate "1998.??.??"]

1. e4 c5 2. Nc3 Nc6 3. g3 g6 4. Bg2 Bg7 5. d3 Nf6 6. Be3 d6 7. h3 Qb6 8. Rb1
Nh5 9. g4 Nf6 10. a3 O-O 11. Nge2 Nxg4 12. hxg4 Bxg4 13. Qd2 Nd4 14. Nd5 Qd8
15. Bh6 Bh5 16. Bxg7 Kxg7 17. Ng3 e6 18. Nxh5+ gxh5 19. Rxh5 Rh8 20. Qh6+ Kg8
21. Nf6+ Qxf6 22. Qxf6 Nf5 23. Rg5+ Kf8 24. Qxh8+ Ke7 25. Qxa8 Nd4 26. Kd2 Kf6
27. Qg8 h6 28. Qd8# 1-0

[Event "Lansing Action Quads"]
[Site "Lansing, MI"]
[Date "1998.??.??"]
[Round "?"]
[White "Sundeen, David"]
[Black "Asbury, Victor"]
[Result "1-0"]
[WhiteElo "1645"]
[BlackElo "1605"]
[PlyCount "85"]
[EventDate "1998.??.??"]

1. e4 c5 2. Nc3 Nc6 3. g3 g6 4. Bg2 Bg7 5. d3 Nf6 6. Be3 d6 7. h3 Qb6 8. Rb1
Nd4 9. Qd2 Be6 10. Nd5 Nxd5 11. exd5 O-O 12. dxe6 fxe6 13. c3 Nb5 14. Ne2 Rf7
15. O-O Raf8 16. Nf4 Nc7 17. b4 Nd5 18. Nxd5 exd5 19. Bxd5 Qc7 20. bxc5 dxc5
21. Rxb7 Qd6 22. Bxf7+ Rxf7 23. Rfb1 Be5 24. Bh6 Rf5 25. Rb8+ Kf7 26. Rf8+ Ke6
27. Rxf5 gxf5 28. Qg5 Bf6 29. Qg8+ Kd7 30. Rb7+ Kc6 31. Qc8+ Kd5 32. Rd7 Bxc3
33. Rxd6+ exd6 34. Bf4 Kd4 35. Qxf5 Bb4 36. Bxd6 a5 37. Qe4+ Kc3 38. Be5+ Kd2
39. Qe3+ Kc2 40. Qe2+ Kc1 41. Kf1 a4 42. Qb2+ Kd1 43. Bf4 1-0

[Event "Lansing Mini-Swiss.3"]
[Site "Lansing, MI"]
[Date "1998.??.??"]
[Round "?"]
[White "Sturgis, Derreck"]
[Black "Roth, Bruce"]
[Result "0-1"]
[WhiteElo "1605"]
[BlackElo "1605"]
[PlyCount "56"]
[EventDate "1998.??.??"]

1. e4 c6 2. Nf3 d5 3. d3 dxe4 4. dxe4 Qxd1+ 5. Kxd1 Bg4 6. Nbd2 e5 7. h3 Bxf3+
8. Nxf3 f6 9. g3 Nd7 10. Bg2 O-O-O 11. Ke2 Bc5 12. Be3 Ne7 13. a3 Bxe3 14. Kxe3
Nb6 15. Nd2 Kb8 16. b3 Nec8 17. a4 a5 18. f4 exf4+ 19. gxf4 Rhe8 20. Rhe1 Nd5+
21. Kf3 Nxf4 22. Kxf4 Rxd2 23. Bf1 Rxc2 24. Bd3 Rc3 25. Rad1 Rxb3 26. e5 fxe5+
27. Rxe5 Rb4+ 28. Kg3 Rxe5 0-1

[Event "Michigan Women's"]
[Site "Ann Arbor, MI"]
[Date "1998.??.??"]
[Round "?"]
[White "Sturdivant, Ashley"]
[Black "Yancey, Seleana"]
[Result "0-1"]
[WhiteElo "1605"]
[BlackElo "1605"]
[PlyCount "46"]
[EventDate "1998.12.??"]

1. e4 e5 2. Nf3 Nc6 3. Bc4 Nf6 4. Nc3 Bb4 5. O-O O-O 6. d3 d6 7. Bg5 h6 8. Bh4
Bxc3 9. bxc3 Bg4 10. h3 Bh5 11. g4 Bg6 12. d4 Bxe4 13. g5 hxg5 14. Nxg5 Bf5 15.
Nxf7 Rxf7 16. Bxf7+ Kxf7 17. Qf3 exd4 18. cxd4 Nxd4 19. c3 Nxf3+ 20. Kg2 Nxh4+
21. Kh2 Qh8 22. Rae1 Nf3+ 23. Kg2 Qxh3# 0-1